000 00566nam a2200181Ia 4500
005 20260429112241.0
008 260429s9999||||xx |||||||||||||| ||und||
020 _a9788126719136
041 _aHindi
082 _a301.2
_bDUB
100 _aदुबे, श्यामचरण
245 0 _aमानव और संस्कृति /
_cश्यामचरण दुबे
250 _a1st ed.
260 _aनई दिल्ली :
_bराजकमल प्रकाशन,
_c2023.
300 _a286 p.; Hb
650 _aSociology
942 _cTB
999 _c53118
_d53118